Catalog

Record Details

Catalog Search



The 19th Christmas  : Women's murder club   Cover Image Book Book

The 19th Christmas : Women's murder club / James Patterson and Maxine Paetro.

Summary:

As the holidays approach, Detective Lindsay Boxer and her friends in the Women's Murder Club have much to celebrate. Crime is down. The medical examiner's office is quiet. Even the courts are showing some Christmas spirit. And the news cycle is so slow that journalist Cindy Thomas is on assignment to tell a story about the true meaning of the season for San Francisco. Then a fearsome criminal known only as "Loman" seizes control of the headlines. He is planning a deadly surprise for Christmas morning. And he has commissioned dozens of criminal colleagues to take actions that will mask his plans. All that Lindsay and the SFPD can figure out is that Loman's greed -- for riches, for bloodshed, for attention -- is limitless. Solving crimes never happens on schedule, but as this criminal mastermind unleashes credible threats by the hour, the month of December is upended for the Women's Murder Club. Avoiding tragedy is the only holiday miracle they seek.

Record details

  • ISBN: 9780316420273
  • ISBN: 0316420271
  • Physical Description: v, 344, 15 pages ; 25 cm.
  • Edition: First edition.
  • Publisher: New York : Little, Brown and Company, 2019.
Subject: Boxer, Lindsay (Fictitious character) > Fiction.
Murder > Investigation > Fiction.
Terrorism > Fiction.
Policewomen > Fiction.
Women detectives > California > San Francisco > Fiction.
San Francisco (Calif.) > Fiction.
Genre: Thrillers (Fiction)
Christmas fiction.
Detective and mystery fiction.

Available copies

  • 2 of 2 copies available at scottsboropl.

Holds

  • 0 current holds with 2 total copies.
Show Only Available Copies
Location Call Number / Copy Notes Barcode Shelving Location Status Due Date
scottsboropl F Pat 32269001134538 Storage - Adult Available -
scottsboropl F Pat 32269001135501 Adult - Fiction Available -

LDR 02784nam a2200469Ii 4500
001152661
003SBPL
00520191007110952.0
008190923s2019 nyu 000 1 eng d
020 . ‡a9780316420273 ‡q(hardcover)
020 . ‡a0316420271 ‡q(hardcover)
035 . ‡a(CONS)152661
035 . ‡a(CPomAG)LMN614511
05014. ‡aPS3566.A822 ‡bA61936 2019
08204. ‡a813/.54 ‡223
1001 . ‡aPatterson, James, ‡d1947- ‡eauthor.
24514. ‡aThe 19th Christmas : ‡bWomen's murder club / ‡cJames Patterson and Maxine Paetro.
2463 . ‡aNineteenth Christmas
250 . ‡aFirst edition.
264 1. ‡aNew York : ‡bLittle, Brown and Company, ‡c2019.
300 . ‡av, 344, 15 pages ; ‡c25 cm.
336 . ‡atext ‡btxt ‡2rdacontent
337 . ‡aunmediated ‡bn ‡2rdamedia
338 . ‡avolume ‡bnc ‡2rdacarrier
4901 . ‡aWomen's murder club ; ‡vBk 19
520 . ‡aAs the holidays approach, Detective Lindsay Boxer and her friends in the Women's Murder Club have much to celebrate. Crime is down. The medical examiner's office is quiet. Even the courts are showing some Christmas spirit. And the news cycle is so slow that journalist Cindy Thomas is on assignment to tell a story about the true meaning of the season for San Francisco. Then a fearsome criminal known only as "Loman" seizes control of the headlines. He is planning a deadly surprise for Christmas morning. And he has commissioned dozens of criminal colleagues to take actions that will mask his plans. All that Lindsay and the SFPD can figure out is that Loman's greed -- for riches, for bloodshed, for attention -- is limitless. Solving crimes never happens on schedule, but as this criminal mastermind unleashes credible threats by the hour, the month of December is upended for the Women's Murder Club. Avoiding tragedy is the only holiday miracle they seek.
60010. ‡aBoxer, Lindsay ‡c(Fictitious character) ‡vFiction.
650 0. ‡aMurder ‡xInvestigation ‡vFiction.
650 0. ‡aTerrorism ‡vFiction.
650 0. ‡aPolicewomen ‡vFiction.
650 0. ‡aWomen detectives ‡zCalifornia ‡zSan Francisco ‡vFiction.
651 0. ‡aSan Francisco (Calif.) ‡vFiction.
655 7. ‡aThrillers (Fiction) ‡2lcgft
655 7. ‡aChristmas fiction. ‡2lcgft
655 7. ‡aDetective and mystery fiction. ‡2lcgft
7001 . ‡aPaetro, Maxine, ‡eauthor.
8001 . ‡aPatterson, James, ‡d1947- ‡tWomen's murder club ; ‡vBk 19.
901 . ‡a152661 ‡bUnknown ‡c152661 ‡tbiblio

Additional Resources